Statistics for Trees by Picture

Click here to take the quiz!

General Stats

  • This quiz has been taken 929 times
  • The average score is 9 of 15

Answer Stats

Answer% Correct
Palm
97%
Oak
90%
Pine
86%
Birch
84%
Maple
83%
Willow
74%
Sequoia
58%
Olive
57%
Mangrove
52%
Spruce
52%
Baobab
51%
Beech
36%
Poplar
25%
Maidenhair
22%
Dragon Tree
17%

Score Distribution

Percentile by Number Answered

Percent of People with Each Score

Your Score History

You have not taken this quiz